[Event "Belgrade-chT Quality"]
[Site "Belgrade"]
[Date "2019.10.20"]
[Round "6.6"]
[White "Ugrcic, Zoran"]
[Black "Canak, Milos"]
[Result "1/2-1/2"]
[WhiteElo "1941"]
[BlackElo "1954"]
[PlyCount "64"]
[EventDate "2019.10.05"]
[EventType "team-tourn"]
[EventRounds "11"]
[EventCountry "SRB"]
[SourceTitle "EXT 2022"]
[Source "ChessBase"]
[SourceDate "2021.10.06"]
[SourceVersion "1"]
[SourceVersionDate "2021.10.06"]
[SourceQuality "1"]
[WhiteTeam "Cukaricki"]
[BlackTeam "BASK"]
[WhiteTeamCountry "SRB"]
[BlackTeamCountry "SRB"]

1. Nf3 d5 2. d4 Nf6 3. c4 e6 4. g3 c6 5. cxd5 exd5 6. Bg2 h6 7. 0-0 Bd6 8. Nc3 0-0 9. Qd3 Re8 10. Nd2 Nbd7 11. e4 dxe4 12. Ndxe4 Nxe4 13. Nxe4 Be7 14. Be3 Nf6 15. Nc3 Be6 16. Rfd1 Nd5 17. Re1 Qd7 18. a3 Nxc3 19. bxc3 Bd5 20. c4 Bxg2 21. Kxg2 Bd6 22. Rab1 b6 23. Red1 Red8 24. Qb3 Qe6 25. d5 cxd5 26. cxd5 Qf5 27. Rd3 Rd7 28. Rbd1 Rad8 29. a4 h5 30. Qc4 g5 31. Bc1 g4 32. f3 Re8 1/2-1/2

[Event "Belgrade-chT Quality"]
[Site "Belgrade"]
[Date "2019.10.12"]
[Round "3.5"]
[White "Canak, Milos"]
[Black "Vukojicic, Spasoje"]
[Result "1/2-1/2"]
[WhiteElo "1954"]
[BlackElo "1630"]
[PlyCount "87"]
[EventDate "2019.10.05"]
[EventType "team-tourn"]
[EventRounds "11"]
[EventCountry "SRB"]
[SourceTitle "EXT 2022"]
[Source "ChessBase"]
[SourceDate "2021.10.06"]
[SourceVersion "1"]
[SourceVersionDate "2021.10.06"]
[SourceQuality "1"]
[WhiteTeam "BASK"]
[BlackTeam "Delfin"]
[WhiteTeamCountry "SRB"]
[BlackTeamCountry "SRB"]

1. d4 d5 2. Nf3 Nf6 3. Bf4 Bf5 4. e3 e6 5. Bd3 Bxd3 6. Qxd3 c6 7. Nbd2 Bd6 8. Bxd6 Qxd6 9. Kf1 Nbd7 10. e4 dxe4 11. Nxe4 Nxe4 12. Qxe4 Qb4 13. Rb1 Qc4+ 14. Kg1 Qxa2 15. c3 Nf6 16. Qc2 Nd5 17. Rc1 Nf4 18. c4 Qa5 19. g3 Qh5 20. Qe4 Nh3+ 21. Kg2 Ng5 22. Nxg5 Qxg5 23. h4 Qg6 24. Qe5 0-0 25. h5 Qf6 26. Qe4 Rfd8 27. Rcd1 Rd7 28. Rh4 Rad8 29. b4 Qf5 30. Qxf5 exf5 31. Kf3 g5 32. Rhh1 Rxd4 33. Rc1 Rd3+ 34. Kg2 Rb3 35. Rb1 Rdd3 36. b5 cxb5 37. cxb5 a5 38. bxa6 bxa6 39. Ra1 Ra3 40. Rac1 Kg7 41. h6+ Kf6 42. Rc6+ Ke7 43. Re1+ Kd8 44. Rf6 1/2-1/2

[Event "Belgrade City-chT"]
[Site "Belgrade"]
[Date "2019.05.16"]
[Round "4.4"]
[White "Canak, Milos"]
[Black "Ugrcic, Zoran"]
[Result "0-1"]
[WhiteElo "1990"]
[BlackElo "1938"]
[PlyCount "54"]
[EventDate "2019.05.13"]
[EventType "team-swiss"]
[EventRounds "5"]
[EventCountry "SRB"]
[SourceTitle "CBM 190 Extra"]
[Source "ChessBase"]
[SourceDate "2019.07.15"]
[SourceVersion "1"]
[SourceVersionDate "2019.07.15"]
[SourceQuality "1"]
[WhiteTeam "Bask"]
[BlackTeam "Cukaricki"]
[WhiteTeamCountry "SRB"]
[BlackTeamCountry "SRB"]

1. d4 f5 2. g3 g6 3. Bg2 Nf6 4. Nf3 Bg7 5. 0-0 0-0 6. b3 d6 7. e3 c6 8. Bb2 a5 9. a4 Na6 10. Na3 Ne4 11. Nd2 Nxd2 12. Qxd2 Be6 13. c4 d5 14. Rfc1 Nc7 15. Bf1 Bf7 16. c5 g5 17. b4 axb4 18. Qxb4 Qd7 19. Nb1 f4 20. exf4 gxf4 21. Re1 fxg3 22. fxg3 Bg6 23. Nd2 Bh6 24. Be2 Be3+ 25. Kh1 Rf2 26. Nf1 Be4+ 27. Kg1 Qh3 0-1

[Event "Belgrade-chTB Quality"]
[Site "Belgrade"]
[Date "2018.10.27"]
[Round "9.7"]
[White "Kostic, Zivojin"]
[Black "Canak, Milos"]
[Result "0-1"]
[WhiteElo "1961"]
[BlackElo "1864"]
[PlyCount "56"]
[EventDate "2018.09.29"]
[EventType "team-tourn"]
[EventRounds "11"]
[EventCountry "SRB"]
[SourceTitle "CBM 187 Extra"]
[Source "ChessBase"]
[SourceDate "2018.11.04"]
[SourceVersion "1"]
[SourceVersionDate "2018.11.04"]
[SourceQuality "1"]
[WhiteTeam "Belgrade Romanticari"]
[BlackTeam "Belgrade BASK"]
[WhiteTeamCountry "SRB"]
[BlackTeamCountry "SRB"]

1. d4 d5 2. Nc3 Nf6 3. Bg5 Bf5 4. Bxf6 exf6 5. e3 c6 6. Bd3 Bxd3 7. Qxd3 Bd6 8. 0-0-0 0-0 9. e4 Bb4 10. Nge2 Bxc3 11. Nxc3 dxe4 12. Nxe4 Nd7 13. g4 Qc7 14. h3 Qf4+ 15. Rd2 Rfe8 16. Ng3 g6 17. h4 Re7 18. Kb1 Rae8 19. c3 Qxg4 20. Kc2 f5 21. Rc1 Kf8 22. h5 f4 23. hxg6 fxg6 24. Ne2 Qh4 25. Qf3 Qf6 26. Qxf4 Rxe2 27. Qh6+ Kg8 28. f4 Nf8 0-1

[Event "Belgrade-chTB Quality"]
[Site "Belgrade"]
[Date "2018.09.29"]
[Round "1.6"]
[White "Stojanovic, Mihailo"]
[Black "Canak, Milos"]
[Result "0-1"]
[WhiteElo "1994"]
[BlackElo "1864"]
[PlyCount "175"]
[EventDate "2018.09.29"]
[EventType "team-tourn"]
[EventRounds "11"]
[EventCountry "SRB"]
[SourceTitle "CBM 187 Extra"]
[Source "ChessBase"]
[SourceDate "2018.11.04"]
[SourceVersion "1"]
[SourceVersionDate "2018.11.04"]
[SourceQuality "1"]
[WhiteTeam "Belgrade Turbina"]
[BlackTeam "Belgrade BASK"]
[WhiteTeamCountry "SRB"]
[BlackTeamCountry "SRB"]

1. e4 c6 2. d4 d5 3. e5 Bf5 4. c4 dxc4 5. Bxc4 e6 6. Nc3 Ne7 7. Nf3 h6 8. 0-0 Nd7 9. Re1 Nb6 10. Bb3 Ned5 11. Ne4 Be7 12. a3 0-0 13. h3 Rc8 14. Nc5 Bxc5 15. dxc5 Nd7 16. Bc2 Bxc2 17. Qxc2 Qe7 18. b4 Rfd8 19. Re4 Nf8 20. Nd2 f6 21. Nc4 f5 22. Re1 Rc7 23. Nd6 Nh7 24. Qc4 g5 25. h4 f4 26. f3 Qg7 27. Qe4 Rf8 28. h5 g4 29. fxg4 Qxg4 30. Qf3 Qh4 31. Rf1 Rg7 32. Ne4 Ng5 33. Nxg5 Rxg5 34. Bd2 Rxh5 35. Be1 Qg5 36. Bd2 Rh4 37. Rae1 Rg4 38. a4 h5 39. Re4 h4 40. Qh3 Rf5 41. Rf3 Rg3 42. Rxg3 hxg3 43. Bc1 Qg6 44. Qh4 Qh7 45. Qxh7+ Kxh7 46. Kf1 f3 47. gxf3 Rxf3+ 48. Kg2 Rc3 49. Bf4 Kg6 50. Bxg3 Kf5 51. Rh4 Rb3 52. Be1 Nf4+ 53. Kh2 Rb2+ 54. Kg1 Rg2+ 55. Kf1 Ra2 56. a5 a6 57. Rh7 Nd3 58. Bc3 Rc2 59. Bd4 Ke4 60. Rh4+ Kd5 61. Bg1 Rc4 62. Rh3 Nxe5 63. Rh5 Rxb4 64. Bh2 Re4 65. Bxe5 Rxe5 66. Rh7 Kxc5 67. Rxb7 Kd6 68. Rb6 Rxa5 69. Ke2 Ra3 70. Kd2 e5 71. Kc2 Kd5 72. Rb8 a5 73. Rd8+ Kc4 74. Re8 Ra2+ 75. Kb1 Re2 76. Ra8 c5 77. Kc1 Kd4 78. Kd1 Rh2 79. Rxa5 c4 80. Ra8 c3 81. Rd8+ Ke3 82. Rc8 c2+ 83. Kc1 Re2 84. Rf8 Rf2 85. Rc8 Kf3 86. Rf8+ Ke3 87. Rd8 Re2 88. Rf8 0-1

[Event "Belgrade-chT"]
[Site "Belgrade"]
[Date "2017.10.29"]
[Round "9.8"]
[White "Djordjevic, Zoran T"]
[Black "Canak, Milos"]
[Result "1-0"]
[WhiteElo "2038"]
[BlackElo "1880"]
[PlyCount "96"]
[EventDate "2017.10.01"]
[EventType "team-tourn"]
[EventRounds "11"]
[EventCountry "SRB"]
[SourceTitle "CBM 181 Extra"]
[Source "ChessBase"]
[SourceDate "2017.12.12"]
[SourceVersion "1"]
[SourceVersionDate "2017.12.12"]
[SourceQuality "1"]
[WhiteTeam "Belgrade EDB"]
[BlackTeam "BASK"]
[WhiteTeamCountry "SRB"]
[BlackTeamCountry "SRB"]

1. e4 c6 2. d4 d5 3. Nc3 dxe4 4. Nxe4 Bf5 5. Ng3 Bg6 6. Nf3 Nd7 7. Nh4 e6 8. Nxg6 hxg6 9. Ne4 Ngf6 10. Bd3 Nxe4 11. Bxe4 Nf6 12. Bf3 Qc7 13. g3 Bd6 14. Qe2 0-0 15. 0-0 e5 16. c3 exd4 17. cxd4 Rfe8 18. Qc4 Re6 19. Bd2 Rae8 20. b4 Qd7 21. a4 Bc7 22. Rfd1 a6 23. Rac1 Bb6 24. Bc3 Rd6 25. Rb1 Rd8 26. b5 axb5 27. axb5 Bxd4 28. bxc6 bxc6 29. Ba5 Rc8 30. Kg2 Ba7 31. Rxd6 Qxd6 32. Rb7 Nd5 33. Rxa7 Qe6 34. Bxd5 cxd5 35. Qd3 Qd6 36. Bc3 Qc6 37. Bd4 Re8 38. Qc3 Qe6 39. Qf3 f6 40. h4 Rc8 41. Qd3 Qg4 42. Bb6 Qe4+ 43. Qxe4 dxe4 44. g4 Rc6 45. Bd4 Rd6 46. Be3 Re6 47. Kg3 Re5 48. Rd7 g5 1-0

[Event "Belgrade-chT"]
[Site "Belgrade"]
[Date "2017.10.08"]
[Round "3.8"]
[White "Canak, Milos"]
[Black "Burtanovic, Nikola"]
[Result "1-0"]
[WhiteElo "1880"]
[BlackElo "1640"]
[PlyCount "41"]
[EventDate "2017.10.01"]
[EventType "team-tourn"]
[EventRounds "11"]
[EventCountry "SRB"]
[SourceTitle "CBM 181 Extra"]
[Source "ChessBase"]
[SourceDate "2017.12.12"]
[SourceVersion "1"]
[SourceVersionDate "2017.12.12"]
[SourceQuality "1"]
[WhiteTeam "BASK"]
[BlackTeam "Vidikovac"]
[WhiteTeamCountry "SRB"]
[BlackTeamCountry "SRB"]

1. d4 Nf6 2. Nf3 d5 3. Bf4 Bf5 4. e3 c5 5. Bd3 Bxd3 6. Qxd3 Nc6 7. c3 e6 8. 0-0 Qb6 9. b3 h6 10. h3 Be7 11. Nbd2 0-0 12. Ne5 Rfd8 13. g4 Bd6 14. Bg3 Qc7 15. f4 Rac8 16. Rac1 Nd7 17. Kg2 g5 18. Ndf3 Ne7 19. fxg5 hxg5 20. Nxg5 Nf8 21. Ngxf7 1-0

[Event "Belgrade-chT Quality"]
[Site "Belgrade"]
[Date "2016.10.22"]
[Round "7.5"]
[White "Canak, Milos"]
[Black "Bulatovic, Luka"]
[Result "1/2-1/2"]
[WhiteElo "1880"]
[BlackElo "1690"]
[PlyCount "49"]
[EventDate "2016.10.01"]
[EventType "team-tourn"]
[EventRounds "11"]
[EventCountry "SRB"]
[SourceTitle "EXT 2018"]
[Source "ChessBase"]
[SourceDate "2017.10.13"]
[SourceVersion "1"]
[SourceVersionDate "2017.10.13"]
[SourceQuality "1"]

1. d4 f5 2. g3 Nf6 3. Bg2 g6 4. Nf3 Bg7 5. 0-0 0-0 6. b3 e6 7. e3 d5 8. Bb2 b6 9. Ne5 Bb7 10. Nd2 Nbd7 11. Nxd7 Qxd7 12. Re1 Ne4 13. f3 Nxd2 14. Qxd2 c5 15. Rab1 Rac8 16. dxc5 bxc5 17. c4 Qc7 18. Bxg7 Qxg7 19. cxd5 Bxd5 20. f4 Bxg2 21. Qxg2 Rfd8 22. Qb2 Qxb2 23. Rxb2 c4 24. bxc4 Rxc4 25. Kf2 1/2-1/2